Las competencias en la programación de aula: educación secundaria 12-18 años
Gespeichert in:
| 1. Verfasser: | |
|---|---|
| Format: | Buch |
| Sprache: | Spanisch |
| Veröffentlicht: |
Barcelona
Graó
2011
|
| Ausgabe: | 1a. ed |
| Schriftenreihe: | Didáctica. Diseño y desarrollo curricular. Competencias, 286
|
| Schlagworte: | |
| Tags: |
Tag hinzufügen
Keine Tags, Fügen Sie den ersten Tag hinzu!
|
MARC
| LEADER | 00000cam a2200000 a 4500 | ||
|---|---|---|---|
| 001 | UCG7692 | ||
| 003 | CL-VaPUC | ||
| 008 | 110905e20110400SP |||||||||||||||||spa|d | ||
| 020 | |a 9788499800707 | ||
| 082 | 0 | 4 | |a 372.19 |b ESC |2 21 |
| 100 | 0 | |a Escamilla González, Amparo |e author |9 558201 | |
| 245 | 1 | 4 | |a Las competencias en la programación de aula: educación secundaria 12-18 años |
| 250 | |a 1a. ed | ||
| 300 | |a v | ||
| 942 | |c BK | ||
| 945 | |d 20110905 00:00:00 |a dcastane | ||
| 260 | |a Barcelona |b Graó |c 2011 | ||
| 650 | 0 | |a Planificación del currículo |9 269599 | |
| 650 | 7 | |a PROYECTO EDUCATIVO |2 CL-VaPUC |9 388027 | |
| 650 | 7 | |a OBJETIVOS EDUCACIONALES |2 CL-VaPUC |9 392483 | |
| 650 | 0 | |a Planificación de la educación |9 307333 | |
| 583 | |a last modification |c 20131129 02:43:48 |k Rodrigo Vera | ||
| 490 | 0 | |a Didáctica. Diseño y desarrollo curricular. Competencias, 286 | |
| 999 | |c 345475 |d 345473 | ||
| 952 | |0 0 |1 0 |4 0 |6 372_190000000000000_ESC_2011 |7 0 |8 A |9 444234 |a BIBEDU |b BIBEDU |d 2019-11-22 |h v.2 |i 4790146 |o 372.19 ESC 2011 |p 4790146 |r 2019-11-22 |w 2019-11-22 |y BK |k EPE | ||